=LDR 00000nam 2200000 4500 =001 INLIS000000000048979 =005 20170117153847.0 =006 =007 =008 =020 ##$$a 978-979-29-2063-5 =035 ##$$0010-011700000000260 =040 ##$$a NBPDMAT =082 ##$$a 657.450 285 =090 ##$$a 657.450 285 $b Nof m =100 ##$$a Nofrizal =245 ##$$a Menyesuaikan siklus akuntansi perusahaan dagang dengan myob account premier vig untuk siswa SMK dan awam / $c Noffrizal, ST ; editor, Th Arie Prabawati =260 ##$$a Yogyakarta : $b Andi, $c 2013 =300 ##$$a x, 215 hlm. : $b ilus. ; $c 28 cm. =500 ##$$a Biografi : hlm.215 =650 ##$$a Akuntansi perusahaan =700 ##$$a Th Arie Prabawati =990 ##$$a 21601480/BPAP-NTB/2017 =990 ##$$a 21601480/BPAP-NTB/2017 =990 ##$$a 21601480/BPAP-NTB/2017 =990 ##$$a 21601480/BPAP-NTB/2017 =990 ##$$a 21601480/BPAP-NTB/2017 =990 ##$$a 1317313173 =990 ##$$a 21601465 =990 ##$$a 21601466 =990 ##$$a 21601467 =990 ##$$a 21601468 =990 ##$$a 21601469 =990 ##$$a 01201713173 =990 ##$$a 03960396 =990 ##$$a 01201900396 =990 ##$$a 21601465 =990 ##$$a 21601466 =990 ##$$a 21601467 =990 ##$$a 21601468 =990 ##$$a 21601469 =990 ##$$a 01201713173